Parts of the body : (Record no. 116354)
[ view plain ]
| 000 -LEADER | |
|---|---|
| fixed length control field | 00314nam a2200121 a 4500 |
| 005 - DATE AND TIME OF LATEST TRANSACTION | |
| control field | 20140513081051.0 |
| 008 - FIXED-LENGTH DATA ELEMENTS--GENERAL INFORMATION | |
| fixed length control field | 030203s19uu xx 00 eng d |
| 050 ## - LIBRARY OF CONGRESS CALL NUMBER | |
| Classification number | P 611 |
| Item number | PAR 1995 |
| 245 ## - TITLE STATEMENT | |
| Title | Parts of the body : |
| Remainder of title | (mga bahagi ng katawan). |
| 300 ## - PHYSICAL DESCRIPTION | |
| Extent | Poster |
| 650 ## - SUBJECT ADDED ENTRY--TOPICAL TERM | |
| Topical term or geographic name as entry element | Body, parts--Posters |
| Withdrawn status | Lost status | Damaged status | Home library | Current library | Shelving location | Date acquired | Source of acquisition | Cost, normal purchase price | Total Checkouts | Full call number | Barcode | Date last seen | Price effective from | Koha item type |
|---|---|---|---|---|---|---|---|---|---|---|---|---|---|---|
| Elizalde Library | Elizalde Library | KIT Section | 02/03/2003 | 45.00 | P 611 PAR 1995 | E331 | 05/13/2014 | 05/13/2014 | Kits |